000 00419nam a22001697a 4500
003 OSt
008 231017b |||||||| |||| 00| 0 eng d
020 _a9788123920313
082 _a615.18 AGP
100 _aAGARWAL,GAURAV
245 _aPHARMACEUTICAL TECHNOLOGY-II
260 _aNEW DELHI
_bCBS PUB.
_c2022
300 _aXVI,405
650 _aPHARMACEUTICAL DOSAGE FORM
700 _aKAUSHIK,ATUL
942 _2ddc
_cBK
999 _c12112
_d12112